Teaching writing through films; Молодой ученый; № 11 (91)
| Parent link: | Молодой ученый: ежемесячный научный журнал.— , 2008- № 11 (91).— 2015.— [С. 1247-1250] |
|---|---|
| Auteur principal: | |
| Collectivité auteur: | |
| Autres auteurs: | |
| Résumé: | Заглавие с экрана Текст на английском языке |
| Langue: | anglais |
| Publié: |
2015
|
| Collection: | Педагогика |
| Sujets: | |
| Accès en ligne: | http://www.moluch.ru/archive/91/19843/ |
| Format: | Électronique Chapitre de livre |
| KOHA link: | https://koha.lib.tpu.ru/cgi-bin/koha/opac-detail.pl?biblionumber=643218 |
MARC
| LEADER | 00000nla0a2200000 4500 | ||
|---|---|---|---|
| 001 | 643218 | ||
| 005 | 20250214161307.0 | ||
| 035 | |a (RuTPU)RU\TPU\network\8206 | ||
| 090 | |a 643218 | ||
| 100 | |a 20150903d2015 k||y0rusy50 ba | ||
| 101 | 0 | |a eng | |
| 135 | |a drcn ---uucaa | ||
| 181 | 0 | |a i | |
| 182 | 0 | |a b | |
| 200 | 1 | |a Teaching writing through films |f Л. И. Асадуллина, И. Р. Дусеев | |
| 203 | |a Text |c electronic | ||
| 225 | 1 | |a Педагогика | |
| 300 | |a Заглавие с экрана | ||
| 300 | |a Текст на английском языке | ||
| 320 | |a [Библиогр.: с. 1250 (5 назв.)] | ||
| 461 | |t Молодой ученый |o ежемесячный научный журнал |d 2008- | ||
| 463 | |t № 11 (91) |v [С. 1247-1250] |d 2015 | ||
| 610 | 1 | |a электронный ресурс | |
| 610 | 1 | |a труды учёных ТПУ | |
| 700 | 1 | |a Асадуллина |b Л. И. |c лингвист |c старший преподаватель Томского политехнического университета |f 1978- |g Лилия Ильгизовна |3 (RuTPU)RU\TPU\pers\26699 |9 12357 | |
| 701 | 1 | |a Дусеев |b И. Р. |g Ильгиз Рауфович | |
| 712 | 0 | 2 | |a Национальный исследовательский Томский политехнический университет (ТПУ) |b Институт природных ресурсов (ИПР) |b Кафедра иностранных языков (ИЯПР) |3 (RuTPU)RU\TPU\col\18662 |
| 801 | 2 | |a RU |b 63413507 |c 20150903 |g RCR | |
| 856 | 4 | 0 | |u http://www.moluch.ru/archive/91/19843/ |
| 942 | |c CF | ||